| 000 | 00965nam a22001817a 4500 | ||
|---|---|---|---|
| 999 |
_c58040 _d58040 |
||
| 003 | Ge_BSU | ||
| 005 | 20210518163341.0 | ||
| 008 | 210518s1985 ge ||||| |||| 00| 0 geo d | ||
| 041 | _ageo | ||
| 080 | _a621.3(076.5)(072) ლ -13 | ||
| 245 |
_aლაბორატორიული სამუშაოები ელექტროტექნიკასა და ელექტრონიკის საფუძვლებში : _bმეთოდური მითითებები. ნაწ. 2. / _cსაქ. სსრ უმაღ. და საშ. სპეც. განათ. სამ., სპი. |
||
| 264 |
_aთბილისი, _c1985. |
||
| 300 |
_a89 გვ. _b20 სმ. |
||
| 653 | _aელექტროტექნიკა | ||
| 653 | _aელექტრონიკა | ||
| 710 |
_aსაქ. სსრ უმაღ. და საშ. სპეც. განათ. სამ., სპი. _911835 |
||
| 942 |
_2udc _cBK |
||